02251cam a22005414i 4500003000900000005001700009008004100026020001500067020001800082035001900100040004300119041001300162082001500175100003200190245011200222250002300334264003100357300005300388336002100441337002500462338002300487504003900510504003100549505081900580526001001399526001001409526001001419526001001429526001001439526000901449526000901458526000901467526000901476526000901485526000901494526000901503526000901512526000901521526000901530526000801539526000801547526000801555526000801563526000801571526000801579534008601587700003601673PE-LiUPU20250731170436.0150625s1988 mx a rb 001 0 spa d a9681820487 a9789681820480 a(Sirsi) a31950 aPE-LiUPUbspacPE-LiUPUdPE-LiUPUerda1 aespheng04a157.9bk411 aKendall, Philip C.,eautor.10aPsicologia clinica :bperpectivas científicas y profesionales/cPhilip C. Kendall, Julian D. Norton-Ford. aPrimera edición. 1aMéxico :bLimusa,c1988. a800páginas :bilustraciones ;c23centímetros atext2rdacontent aunmediated2rdamedia avolume2rdacarrier aBibliografía: páginas 699-774. aÍndice: paginas 777-799.0 aCarácter e historia de la psicología clínica -- Preparación en psicología clínica -- Métodos de investigación -- Conceptualización del funcionamiento humano y de los medios sociales -- Enfoques de los trastornos psicológicos -- Evaluación: aspectos profesionales y científicos -- Evaluación del funcionamiento intelectual -- Evaluación de la personalidad -- Evaluación del funcionamiento neuropsicológico -- Evaluación conductual -- La intervención: aspectos profesionales y científicos -- Intervenciones con individuos: terapia psicoanalítica, centrada en el cliente, existencial, gestal y de emergencia -- Intervenciones con individuos: terapias conductual, cognoscitiva y cognoscitivo-conductual -- Intervenciones en grupo -- Intervenciones en el medio y en la comunidad. aSEG68 aSEG70 aSEG69 aSEG67 aSEG43 aP144 aP143 aP131 aP122 aP120 aP117 aP112 aP110 aP106 aP101 aP80 aP59 aP54 aP35 aP33 aP30 pTítulo original :tClinical Psychology, Scientific and professional dimensions.1 aNorton-Ford, Julian D.,eautor.